Statistics for Biggest Cities in Landlocked Countries

Click here to take the quiz!

General Stats

  • This quiz has been taken 100 times
  • The average score is 11 of 18

Answer Stats

PopulationClueCity% Correct
1,812,604EuropeVienna
79%
1,757,618EuropeBudapest
77%
1,259,079EuropePrague
77%
3,384,569AfricaAddis Ababa
76%
3,289,000AsiaKabul
72%
1,166,763EuropeBelgrade
66%
2,309,600AsiaTashkent
64%
1,522,349AsiaAlmaty
58%
1,921,807EuropeMinsk
58%
1,742,979AfricaLusaka
56%
1,809,106AfricaBamako
53%
1,606,000AfricaHarare
52%
1,659,600AfricaKampala
51%
2,122,300AsiaBaku
50%
1,626,950AfricaOuagadougou
45%
1,372,000AsiaUlaanbaatar
45%
1,060,138AsiaYerevan
44%
1,453,549South AmericaSanta Cruz de la Sierra
37%

Score Distribution

Percentile by Number Answered

Percent of People with Each Score

Your Score History

You have not taken this quiz